Migración, cultura y memoria en América Latina / (Registro nro. 4040)
[ vista simple ]
| 000 -CABECERA | |
|---|---|
| campo de control de longitud fija | 02745cam a2200373 a 4500 |
| 001 - NÚMERO DE CONTROL | |
| campo de control | 17418658 |
| 005 - FECHA Y HORA DE LA ÚLTIMA TRANSACCIÓN | |
| campo de control | 20181025090701.0 |
| 008 - DATOS DE LONGITUD FIJA--INFORMACIÓN GENERAL | |
| campo de control de longitud fija | 120806s2011 mx a b 000 0 spa d |
| 010 ## - NÚMERO DE CONTROL DE LA BIBLIOTECA DEL CONGRESO | |
| Número de control de LC | 2012455333 |
| 020 ## - NÚMERO INTERNACIONAL ESTÁNDAR DEL LIBRO | |
| Número Internacional Estándar del Libro | 9786070224171 |
| 020 ## - NÚMERO INTERNACIONAL ESTÁNDAR DEL LIBRO | |
| Número Internacional Estándar del Libro | 6070224175 |
| 035 ## - NÚMERO DE CONTROL DEL SISTEMA | |
| Número de control de sistema | (OCoLC)ocn792944085 |
| 040 ## - FUENTE DE LA CATALOGACIÓN | |
| Centro catalogador/agencia de origen | CGU |
| Centro/agencia transcriptor | |
| Centro/agencia modificador | COO |
| -- | IXA |
| -- | TJC |
| -- | DLC |
| 042 ## - CÓDIGO DE AUTENTICACIÓN | |
| Código de autenticación | lccopycat |
| 043 ## - CÓDIGO DE ÁREA GEOGRÁFICA | |
| Código de área geográfica | cl----- |
| 245 00 - MENCIÓN DE TÍTULO | |
| Título | Migración, cultura y memoria en América Latina / |
| Mención de responsabilidad, etc. | Fernando Neira Orjuela, Axel Ramírez Morales, coordinadores. |
| 250 ## - MENCIÓN DE EDICIÓN | |
| Mención de edición | 1. ed. |
| 260 ## - PUBLICACIÓN, DISTRIBUCIÓN, ETC. (PIE DE IMPRENTA) | |
| Lugar de publicación, distribución, etc. | México, D.F. : |
| Nombre del editor, distribuidor, etc. | Centro de Investigaciones sobre América Latina y el Caribe, Universidad Nacional Autónoma de México, |
| Fecha de publicación, distribución, etc. | 2011. |
| 300 ## - DESCRIPCIÓN FÍSICA | |
| Extensión | 250 p. : |
| Otras características físicas | ill. ; |
| Dimensiones | 21 cm. |
| 490 1# - MENCIÓN DE SERIE | |
| Mención de serie | Colección Política, economía y sociedad en América Latina y el Caribe ; |
| Designación de volumen o secuencia | 10 |
| 504 ## - NOTA DE BIBLIOGRAFÍA, ETC. | |
| Bibliografía, etc. | |
| 505 0# - NOTA DE CONTENIDO CON FORMATO | |
| Nota de contenido con formato | La influencia política mexicana en Centroamérica en los años veinte : "los gérmenes de la agitación revolucionaria" / María del Carmen Díaz Vázquez -- La migración indígena hacia la Zona Metropolitana del Valle de México / Ana Melisa Pardo Montaño -- Niños de la calle en América Latina : aproximaciones / Eva Leticia Orduña Trujillo -- Chapines hacia el norte : la migración Guatemala-Estados Unidos / Axel Ramírez Morales -- Percepciones, relatos y experiencias de la inmigración en México / Fernando Neira Orjuela -- La causa y vigencia del movimiento zapatista en Zapata de Palou / Jorge Abraham Sánchez Guevara -- La solemnidad en la familia como instrumento de poder : el ojo humorístico de Ignacio Betancourt / Iliana Guajardo Sepúlveda -- La reescritura paródica de la historia : el palimpsesto humorístico de la nueva novela histórica Maluco de Napoleón Baccino / Carlos Pineda -- Filosofías de la violencia en tres textos brasileños : Ciudad de Dios, "El cobrador" y "Mineirinho" / María Cristina Hernández Escobar -- Memoria social y conocimiento del nosotros / Roberto Mora Martínez -- "Todo está guardado en la memoria" : un diálogo en torno al uso de la memoria en el sur / Gustavo Roberto Cruz. |
| 651 #0 - PUNTO DE ACCESO ADICIONAL DE MATERIA--NOMBRE GEOGRÁFICO | |
| Nombre geográfico | Latin America |
| Subdivisión general | Emigration and immigration |
| -- | Social aspects. |
| 650 #0 - PUNTO DE ACCESO ADICIONAL DE MATERIA--TÉRMINO DE MATERIA | |
| Término de materia o nombre geográfico como elemento inicial | Collective memory |
| Subdivisión geográfica | Latin America. |
| 651 #0 - PUNTO DE ACCESO ADICIONAL DE MATERIA--NOMBRE GEOGRÁFICO | |
| Nombre geográfico | Latin America |
| Subdivisión general | In literature. |
| 650 #0 - PUNTO DE ACCESO ADICIONAL DE MATERIA--TÉRMINO DE MATERIA | |
| Término de materia o nombre geográfico como elemento inicial | Latin American fiction |
| Subdivisión general | History and criticism. |
| 700 1# - PUNTO DE ACCESO ADICIONAL--NOMBRE DE PERSONA | |
| Nombre de persona | Neira Orjuela, Fernando. |
| 700 1# - PUNTO DE ACCESO ADICIONAL--NOMBRE DE PERSONA | |
| Nombre de persona | Ramírez Morales, Axel. |
| 830 #0 - PUNTO DE ACCESO ADICIONAL DE SERIE-TÍTULO UNIFORME | |
| Título uniforme | Colección Política, economía y sociedad en América Latina y el Caribe ; |
| Designación de número de volumen o secuencia | 10. |
| 906 ## - ELEMENTOS DE DATOS F LOCAL, LDF (RLIN) | |
| a | 7 |
| b | cbc |
| c | copycat |
| d | 3 |
| e | ncip |
| f | 20 |
| g | y-gencatlg |
| 925 0# - | |
| -- | acquire |
| -- | 1 shelf copy |
| -- | policy default |
No hay ítems disponibles.

